| 000 | 01014aam a2200373 4500 | ||
|---|---|---|---|
| 005 | 20260414151318.0 | ||
| 008 | 150522b2002 xxu||||| |||| 00| 0 spa d | ||
| 020 | _a9506793085 | ||
| 041 | _aESP | ||
| 082 | _a364.8 L868e | ||
| 100 |
_aLorences,Valerin H _918943 |
||
| 245 | _aExcarcelación y excención de prisión | ||
| 260 | _aArgentina | ||
| 260 | _bUniversidad | ||
| 260 | _c2002 | ||
| 300 | _a294 páginas | ||
| 490 | _aInvestigación Criminal | ||
| 650 | _aEXCARCELACIÓN | ||
| 650 | _aLIBERTAD | ||
| 650 | _aDERECHO CONSTITUCIONAL | ||
| 650 | _aESTADO DE SOSPECHA | ||
| 650 | _aRECHASO Y REVOCACIÓN | ||
| 650 | _aCAUCIÓN | ||
| 650 | _aEXTENCIÓN DE PRISIÓN | ||
| 650 | _aSITUACIÓN PROCESAL | ||
| 650 | _aPROCEDIMIENTO DE EXCARSELACIÓN | ||
| 650 | _aETAPAS PROCESALES | ||
| 650 | _aNULIDADES DE EXCARCELACIÓN | ||
| 650 | _aRECURSOS DE APELACIÓN | ||
| 650 | _aMODELOS | ||
| 650 | _aNORMAS PROCESALES | ||
| 650 | _aPERSONAS QUE PUEDEN PETICIONAR | ||
| 942 |
_cBK _2ddc |
||
| 999 |
_c2197 _d2197 |
||